000
00204 a2200097 4500
001
20052
100
_a
Rassum, R V
245
_a
Track events
260
_a
_b
Faber popular Books
_c
090
_c
14646
_d
14646
942
_a
NUST-CAE
_c
M
_c
5165
999
_c
255125
_d
255125